Statistics for The Many Names of Muammar Gaddafi

Click here to take the quiz!

General Stats

  • This quiz has been taken 15 times
  • The average score is 3 of 66

Answer Stats

Moamar al Gaddafi% Correct
Muammar Gaddafi
85%
Muamar Gaddafi
23%
Muammar Gadafi
23%
Muammar Gadhafi
23%
Moamar Gaddafi
15%
Moammar Gaddafi
15%
Muammar al Gaddafi
15%
Muammar Khaddafi
15%
Muammar Qadafi
15%
Muammar Qaddafi
15%
Moamar Gadhafi
8%
Moammar Gadhafi
8%
Moammar Ghadafi
8%
Moammar Khaddafi
8%
Muamar Kaddafi
8%
Muammar Gadaffi
8%
Muammar Ghadafi
8%
Muammar Ghaddafi
8%
Muammar Kaddafi
8%
Mummar Gaddafi
8%
Maummar Gaddafi
0%
Moamar aI Kadafi
0%
Moamar al Gaddafi
0%
Moamar el Gaddafi
0%
Moamar el Kadhafi
0%
Moamer el Kazzafi
0%
Moamer Gaddafi
0%
Moamer Kadhafi
0%
Moamma Gaddafi
0%
Moammar el Gadhafi
0%
Moammar el Kadhafi
0%
Moammar Kadhafi
0%
Moammar Khadaffy
0%
Moammar Khadafy
0%
Moammar Qudhafi
0%
Mouammer al Gaddafi
0%
Muamar al Kaddafi
0%
Muamer Gadafi
0%
Muammar al Gathafi
0%
Muammar al Ghaddafi
0%
Muammar al Khaddafi
0%
Muammar al Qadafi
0%
Muammar al Qaddafi
0%
Muammar al Qadhafi
0%
Muammar al Qadhdhafi
0%
Muammar el Gaddafi
0%
Muammar el Gaddafy
0%
Muammar el Qaddafi
0%
Muammar Gadafy
0%
Muammar Ghadaffi
0%
Muammar Gheddafi
0%
Muammar Qadhafi
0%
Muammar Qadhdhafi
0%
Muammar Qadthafi
0%
Muammar Quathafi
0%
Muammer Gadaffi
0%
Muammer Gaddafi
0%
Mulazim Awwal Muammar Muhammad Abu Minyar al Qadhafi
0%
Omar al Ghaddafi
0%
Omar al Qathafi
0%
Omar Mouammer al Gaddafi
0%
Omar Muammar al Ghaddafi
0%
Omar Muammar al Qaddafi
0%
Omar Muammar al Qathafi
0%
Omar Muammar Gaddafi
0%
Omar Muammar Ghaddafi
0%

Score Distribution

Percentile by Number Answered

Percent of People with Each Score

Your Score History

You have not taken this quiz